000 00457nam a22001817a 4500
005 20260603131242.0
008 260603b |||||||| |||| 00| 0 eng d
020 _a9788183569125
_c800.00
040 _aMAIN
041 _aEnglish
082 _a537.623
_bSON
100 _aSonamuthu, K.
_927001
245 _aSpectroscopy in Superconductors
260 _aNew Delhi
_bDiscovery
_c2025
300 _a155
650 _aPhysics (PM USHA
_926699
942 _cBK
999 _c60978
_d60978